000 00400nam a22001697a 4500
005 20160618114755.0
008 160618b xxu||||| |||| 00| 0 eng d
020 _a81-203-1444-1
041 _aeng
082 _b8102
100 _aJauki Raman, U.S and Sarukeshi, K
_92193
245 _aDecision support Systems
260 _bPHI
_c2004
300 _a206
650 _aManagement
_9241
942 _cBK
999 _c3069
_d3068